2024 NBA draft - top 20 - Statistics

General Stats
  • This quiz has been taken 52 times
  • The average score is 15 of 20
Answer Stats
Numéro du pick Franchise Joueur % Correct
2 Washington Wizards Alexandre Sarr
100%
1 Atlanta Hawks Zaccharie Risacher
95%
9 Memphis Grizzlies Zach Edey
95%
3 Houston Rockets Reed Sheppard
93%
8 San Antonio Spurs --> Minnesota Timberwolves Rob Dillingham
93%
4 San Antonio Spurs Stephon Castle
93%
17 Los Angeles Lakers Dalton Knecht
88%
7 Portland Trail Blazers Donovan Clingan
83%
11 Chicago Bulls Matas Buzelis
80%
10 Utah Jazz Cody Williams
78%
5 Detroit Pistons Ron Holland
78%
12 Oklahoma City Thunder Nikola Topić
73%
6 Charlotte Hornets Tidjane Salaün
70%
16 Philadephia 76ers Jared McCain
68%
15 Miami Heat Kel'el Ware
60%
14 Portland Trail Blazers --> Washington Wizards Carlton Carrington
53%
13 Sacramento Kings Devin Carter
48%
18 Orlando Magic Tristan Da Silva
48%
19 Toronto Raptors Ja'Kobe Walter
43%
20 Cleveland Cavaliers Jaylon Tyson
30%
No matching quizzes found
Score Distribution
Percent of People with Each Score
Percentile by Number Answered
Your Score History
You have not taken this quiz